| 000 | 00810nam a2200241Ia 4500 | ||
|---|---|---|---|
| 003 | OSt | ||
| 005 | 20220926012441.0 | ||
| 006 | a|||||r|||| 00| 0 | ||
| 007 | ta | ||
| 008 | 220923b |||||||| |||| 00| 0 eng d | ||
| 020 |
_a9780231181808 _c4224.35 |
||
| 037 |
_b54473, 06/03/2018, Segment Book Distributors _cGeneral Book |
||
| 040 |
_aRTL _cRTL _beng |
||
| 041 |
_2eng _aeng |
||
| 082 | _aV53:3(Q), Q7 | ||
| 100 |
_aAKAN Murat _9316530 |
||
| 245 | 0 |
_aPolitics of secularism _b Religion, diversity, and institutional change in France and Turkey |
|
| 260 |
_aNew York _bColumbia University Press _c2017 |
||
| 300 |
_axiv,357p _ccm. |
||
| 650 | _aSociology | ||
| 942 |
_hV53:3(Q), Q7 _cGB _2CC |
||
| 999 |
_c623050 _d623050 |
||